Pěstujeme jižní ovoce

Bibliographic Details
Main Author: Truhlář, Vladimír (Author)
Format: Book
Language:Undetermined
PhysicalDescription:107 s.
Published: Praha Albatros 1983

MARC

LEADER 00000nam a2200000 a 4500
001 vtls001287104
003 SK-MaSNL
005 20260301195636.0
008 240314s1983 xx 0 und
035 |a SNK000238663 
040 |a SNK  |b slo  |c SNK  |e AACR2 
100 1 |a Truhlář, Vladimír  |4 aut  |9 296524 
245 1 0 |a Pěstujeme jižní ovoce 
260 |a Praha  |b Albatros  |c 1983 
300 |a 107 s. 
958 |a OND 
999 |c 886713  |d 888643 
952 |t P60, <04>, [BOOK], {604}  |a SNK  |b SNK  |y VYP  |7 0  |p 17A0065548  |o snkID 80332 D1  |0 0  |1 1  |4 0  |d 1997-05-15  |l 0  |r 2005-01-02 00:00:00  |w 2026-02-24